Southville International School and Colleges
Your cart is empty.
  • Cart
  • Lists
    Public lists Eva Luna New books Lux_list list_1
    Your lists Log in to create your own lists
  • Log in to your account
  • Your cookies
  • Search history
Southville International School and Colleges
  • Advanced search
  • Recent comments
  • Most popular
  • Libraries

Log in to your account

Log in with GOOGLE


If you do not have an external account, but do have a local account, you can still log in:

  1. Home
  2. MARC view: Dealing with difficult people :
Normal view MARC view ISBD view

Dealing with difficult people : (Record no. 363365)

[ view plain ]
MARC details
000 -LEADER
fixed length control field 00650nam a2200229Ia 4500
008 - FIXED-LENGTH DATA ELEMENTS--GENERAL INFORMATION
fixed length control field 200601s9999 xx 000 0 und d
020 ## - INTERNATIONAL STANDARD BOOK NUMBER
International Standard Book Number 0-07-141641-2
050 ## - LIBRARY OF CONGRESS CALL NUMBER
Classification number REF HM 132
050 ## - LIBRARY OF CONGRESS CALL NUMBER
Item number .B75 2003 c.1
100 ## - MAIN ENTRY--PERSONAL NAME
Personal name Brinkman, Rick.
245 #0 - TITLE STATEMENT
Title Dealing with difficult people :
245 #0 - TITLE STATEMENT
Remainder of title 24 lessons for bringing out the best in everyone /
245 #0 - TITLE STATEMENT
Statement of responsibility, etc Rick Brinkman, Rick Kirschner.
260 ## - PUBLICATION, DISTRIBUTION, ETC. (IMPRINT)
Place of publication, distribution, etc New York :
260 ## - PUBLICATION, DISTRIBUTION, ETC. (IMPRINT)
Name of publisher, distributor, etc McGraw-Hill.
260 ## - PUBLICATION, DISTRIBUTION, ETC. (IMPRINT)
Date of publication, distribution, etc 2003
300 ## - PHYSICAL DESCRIPTION
Extent 48 pages :
300 ## - PHYSICAL DESCRIPTION
Dimensions 23 cm.
440 ## - SERIES STATEMENT/ADDED ENTRY--TITLE
Title McGraw-Hill Professional Education
650 ## - SUBJECT ADDED ENTRY--TOPICAL TERM
Topical term or geographic name as entry element Interpersonal relations.
650 ## - SUBJECT ADDED ENTRY--TOPICAL TERM
General subdivision Psychology, Industrial.
Holdings
Withdrawn status Lost status Damaged status Home library Current library Shelving location Date acquired Total Checkouts Full call number Barcode Date last seen Price effective from Koha item type
      South Mansfield College South Mansfield College Reference Section 06/01/2020   REF HM 132 .B75 2003 c.1 SMC00873 06/01/2020 06/01/2020 Books

Dealing with difficult people :

APA

Brinkman R., .Dealing with difficult people. New York: .

Chicago

Brinkman Rick, .Dealing with difficult people. New York: .

Harvard

Brinkman R., .Dealing with difficult people. New York: .

MLA

Brinkman Rick, .New York: . .

  • Place hold
  • Print
  • Cite
  • Add to your cart (remove)
  • Save record
    BIBTEX Dublin Core MARCXML MARC (non-Unicode/MARC-8) MARC (Unicode/UTF-8) MARC (Unicode/UTF-8, Standard) MODS (XML) RIS
  • More searches
    Search for this title in:
    Other Libraries (WorldCat) Other Databases (Google Scholar) Online Stores (Bookfinder.com) Open Library (openlibrary.org)

Exporting to Dublin Core...

SOUTHVILLE LIBRARY

Southville International School and Colleges Library

1281 Tropical Ave. Cor. Luxembourg St., BF Homes International, Las Pinas City

Tel. No. 8256374 / 252358 Loc. 117/146

Powered by Koha